| 000 | 00378nam a2200157Ia 4500 | ||
|---|---|---|---|
| 008 | 230917s9999||||xx |||||||||||||| ||und|| | ||
| 040 |
_e58389 _aMAIN |
||
| 041 | _aEnglish | ||
| 082 | _a657.45 C788S | ||
| 100 | _aCooper, Vivian R V | ||
| 245 | 0 | _aStudent's manual of auditing | |
| 250 | _a2nd ed. | ||
| 260 |
_aLondon _bGEE _c1979 |
||
| 300 | _axxxii, 620 p. | ||
| 942 | _cBK | ||
| 999 |
_c222793 _d222793 |
||